000 00240nam a2200097Ia 4500
001 710605
005 20250826162752.0
008 250824s9999 xx 000 0 und d
245 0 _a22/11/63
_cSTEPHEN KİNG
260 _bALTIN KİTAPLAR YAYINEVİ
999 _c710605
_d710605